000 00516nam a2200169Ia 4500
008 220214s9999 xx 000 0 und d
022 _a0168-1923
245 0 _aAGRICULTURAL AND FOREST METEOROLOGY
247 _aAgricultural Meteorology
260 _bElsevier Science Publishers B.V., Amsterdam, The Netherlands
310 _aSQ
500 _aEnd Date: 1997
500 _aEnding Volume & Year: 83, 1997
500 _aMissing Volume: 32(1);35;46-57
500 _aStarting Volume & Year: 31, 1984
942 _cBJ
999 _c15032
_d15032